ROSÉ (BlackPink) - Toutes les chansons - Statistiques

Statistiques générales
  • Ce quiz a été pris 274 fois
    192 depuis la dernière actualisation
  • Le résultat moyen est 10 sur 17
Statistiques - réponses
Hint Réponse % Correct
rosie 6 APT.
95%
R 2 Gone
90%
R 1 On The Ground
90%
rosie 1 number one girl
80%
rosie 4 toxic till the end
80%
rosie 2 3am
74%
Singles 2025 Messy (From F1 The Movie)
61%
rosie 5 drinks or coffee
60%
rosie 7 gameboy
60%
rosie 3 two years
55%
rosie 8 stay a little longer
54%
rosie 12 dance all night
50%
rosie 10 call it the end
47%
Collaborations 2025 On My Mind de Alex Warren
41%
rosie 9 not the same
40%
rosie 11 too bad for us
39%
Collaborations 2012 Without You (결국) de G-Dragon
27%
Aucun quiz correspondant
Distribution des résultats
% des personnes avec chaque résultat
Percentile par nombre de réponses
Votre historique - résultats
Vous n’avez pas pris ce quiz depuis la dernière actualisation